Nástroje politického marketingu pri stanovovaní pozícií v zahraničnej politike štátu dizertačná práca
Saved in:
| Main Author: | |
|---|---|
| Corporate Author: | |
| Other Authors: | |
| Format: | Book |
| Language: | Slovak |
| Published: |
Bratislava
2019
|
| Subjects: | |
| Tags: |
No Tags, Be the first to tag this record!
|
MARC
| LEADER | 00000nbm a2200000 4500 | ||
|---|---|---|---|
| 001 | 0257163 | ||
| 005 | 20230302102651.7 | ||
| 041 | 0 | |a slo | |
| 044 | |a SK | ||
| 245 | 1 | 0 | |a Nástroje politického marketingu pri stanovovaní pozícií v zahraničnej politike štátu |b dizertačná práca |c Janka Zvončeková ; školiteľ: Stanislav Mráz |
| 264 | 1 | |a Bratislava |c 2019 | |
| 300 | |a 124 s. | ||
| 610 | 2 | 0 | |a marketing politický |
| 610 | 2 | 0 | |a politika zahraničná |
| 610 | 2 | 0 | |a štát |
| 610 | 2 | 0 | |a diplomacia |
| 100 | 1 | |a Zvončeková, Janka | |
| 700 | 1 | |a Mráz, Stanislav | |
| 710 | 2 | |a Ekonomická univerzita v Bratislave. Fakulta medzinárodných vzťahov | |